Rutland A-Z - Statistics

General Stats
  • This quiz has been taken 67 times
    5 since last reset
  • The average score is 21 of 26
Answer Stats
Hint Answer % Correct
A There are thirteen of these nuts on the county's flag Acorns
100%
D Irish county home to Rutland Island Donegal
100%
G Old name of the A1 road that passes through the county {Great} {North} Road
100%
P Artificial landform created by R Hambleton {Peninsula}
100%
K Watersport that can be done on R Kayaking
100%
L Ketton stone is a yellowish, pinkish kind of this stone Limestone
100%
M The county's motto {Much} in little
100%
O County town Oakham
100%
R Unimaginatively named reservoir Rutland Water
100%
T Fish that Eyebrook Reservoir is stocked with Trout
100%
B Popular activity facilitated by R's abundant wildlife Birdwatching
75%
C Construction material produced at the Ketton Works Cement
75%
E Village named after an Anglo-Saxon queen {Edith} Weston
75%
F Another popular activity on the county's reservoirs Fishing
75%
H The county's emblem; depicted on its flag Horseshoe
75%
I A huge fossil of this ancient marine reptile was found at R in 2022 Ichthyosaur
75%
Q Site that is part industrial area, part wildlife conservation area Ketton {Quarries}
75%
Y Science fiction novel by Peter F. Hamilton set in Rutland Misspent {Youth}
75%
N O is home to one of the best-preserved _____ buildings in England Norman
75%
S Parliamentary constituency that contains part of Lincolnshire Rutland and {Stamford}
75%
U Second-largest town Uppingham
75%
V Long-distance trail that starts in O and ends at the Humber estuary Viking Way
75%
X CrossCountry trains, also known as __ trains, stop at O station XC
75%
J Churchman who founded schools in both of the county's towns Robert {Johnson}
50%
W TV sketch show hosted by Eric Idle Rutland {Weekend} {Television}
50%
Z Fish that can be found in R (hint: Alex_____) Zander
50%
No matching quizzes found
Score Distribution
Percent of People with Each Score
Percentile by Number Answered
Your Score History
You have not taken this quiz since the last reset